00433nam a2200121Ia 4500008004100000082002000041100002500061245006300086260002600149365001000175630006300185730006300248100415s9999 xx 000 0 und d b9880a598.2(54) aWoodcock Martin W. aCollins handguide to the birds of the Indian sub-continent aLONDONc1980bCOLLINS b150.5 aCollins handguide to the birds of the Indian sub-continent aCollins handguide to the birds of the Indian sub-continent